Library of the University of Algiers 3
Ibrahim Sultan Cheibout
شعار جامعة الجزائر 3
مكتبة جامعة الجزائر 3
إبراهيم سلطان شيبوط

أوروبا دراسة في الجغرافيا الاقليمية / (رقم التسجيلة. 46139)

تفاصيل مارك
000 -LEADER
fixed length control field 01203nam a2200229Ia 4500
003 - CONTROL NUMBER IDENTIFIER
control field Ost
005 - DATE AND TIME OF LATEST TRANSACTION
control field 20260507075741.0
008 - FIXED-LENGTH DATA ELEMENTS--GENERAL INFORMATION
fixed length control field 260507s9999||||xx |||||||||||||| ||und||
040 ## - CATALOGING SOURCE
Transcribing agency fsecg
041 ## - LANGUAGE CODE
Language code of text/sound track or separate title ara
082 ## - DEWEY DECIMAL CLASSIFICATION NUMBER
Classification number 914
100 ## - MAIN ENTRY--PERSONAL NAME
Personal name الزوكة، محمد خميس
Relator term مؤلف
245 #0 - TITLE STATEMENT
Title أوروبا دراسة في الجغرافيا الاقليمية /
Statement of responsibility, etc. محمد خميس الزوكة
260 ## - PUBLICATION, DISTRIBUTION, ETC.
Place of publication, distribution, etc. الاسكندرية:
Name of publisher, distributor, etc. دار المعرفة الجامعية,
Date of publication, distribution, etc. 2003
300 ## - PHYSICAL DESCRIPTION
Extent 209 صفحة؛
Other physical details إيضاحات ؛
Dimensions 24 سم
504 ## - BIBLIOGRAPHY, ETC. NOTE
Bibliography, etc. note المراجع ص.597 فهرس الخرائط ص.601
520 ## - SUMMARY, ETC.
Summary, etc. الجغرافيا العامة،الجغرافيا الطبيعية،البنية والتضاريس،المناخ،التربو والنبات الطبيعي،جغرافية السكان،جغرافية النقل،النشاط الاقتصادي،الدراسات الاقليمية،بين دول غربي أوروبا،من دول شمالي اوروبا،بين دول شرقي أوروبا،بين دول جنوب أوروبا
653 ## - INDEX TERM--UNCONTROLLED
Uncontrolled term التضاريس
653 ## - INDEX TERM--UNCONTROLLED
Uncontrolled term الجغرافيا الاقليمية
653 ## - INDEX TERM--UNCONTROLLED
Uncontrolled term أوروبا
942 ## - ADDED ENTRY ELEMENTS (KOHA)
Koha item type كتب
المقتنيات
Withdrawn status Lost status Source of classification or shelving scheme Damaged status Not for loan Home library Current library Date acquired Serial enumeration / chronology Inventory number Total checkouts Full call number Barcode Date last seen Price effective from Koha item type
    Library of Congress Classification   NOT LOAN / إعارة داخلية مكتبة كلية العلوم الإقتصادية والعلوم التجارية وعلوم التسيير مكتبة كلية العلوم الإقتصادية والعلوم التجارية وعلوم التسيير 07/05/2026 الطابق الأرضي 1295/1   أ/1295ن1 1295/1 07/05/2026 07/05/2026 كتب
    Dewey Decimal Classification   Available مكتبة كلية العلوم الإقتصادية والعلوم التجارية وعلوم التسيير مكتبة كلية العلوم الإقتصادية والعلوم التجارية وعلوم التسيير 07/05/2026 الطابق الثاني 1295/2   أ/1295ن2 1295/2 07/05/2026 07/05/2026 كتب

موارد الويب المفتوحة


© University of Algiers 3 All Rights Reserved
|
Implemented by LECHELAH Riad